| 000 | 00443nam a2200157Ia 4500 | ||
|---|---|---|---|
| 003 | GCL | ||
| 008 | 140319s9999 xx 000 0 eng d | ||
| 040 |
_aGCL / _cGCL |
||
| 082 | 0 | 4 |
_a969.1 _bR D |
| 100 | 1 | _aRAJEMISA-RAOLISON, RE'GIS | |
| 245 | 1 | 0 |
_aDICTIONNAIRE HISTORIQUE ET GEOGRAPHIQUE DE MADAGASCAR / _cRAJEMISA-RAOLISON, RE'GIS |
| 260 |
_a[S.N] : _bFIANARANTSOA ، _c1966 |
||
| 300 | _a383\P | ||
| 650 | 0 | 4 | _aMADAGASCAR |
| 942 |
_2ddc _cBK |
||
| 999 |
_c20771 _d20771 |
||